| 000 | 00591nam a22001817a 4500 | ||
|---|---|---|---|
| 999 |
_c480873 _d480873 |
||
| 003 | ASAB | ||
| 005 | 20200131154349.0 | ||
| 008 | 180511t xxu||||| |||| 00| 0 eng d | ||
| 038 | _aNoman | ||
| 040 | _cASAB | ||
| 082 | _a660.01 | ||
| 100 |
_aRabia Khurshid-sup-Dr. Attya Bhatti _928242 |
||
| 245 |
_aTH-MS-Role of DNA repair genes XRCCI and OGG1 polymorphisms in tne Rheumatoid Arthritis Induced DNA damage _cRabia Khurshid-sup-Dr. Attya Bhatti |
||
| 260 |
_aIslamabad _bASAB NUST _c2013 |
||
| 300 |
_aXIII, 74 P _b30 cm |
||
| 630 |
_aVirology and Immunology _913894 |
||
| 942 |
_2ddc _cTHE |
||